000 00647nam a2200229Ia 4500
003 OSt
005 20220925204514.0
006 a|||||r|||| 00| 0
007 ta
008 220923b |||||||| |||| 00| 0 eng d
037 _cGeneral Book
040 _aRTL
_cRTL
_beng
041 _2eng
_aeng
082 _aX:8:(B2893), K6
100 _aYoung Stanley
_9268676
245 0 _aManagement
_b A system analysis edited by Charles
260 _aGlenview
_bForesman
_c1966
300 _a435p.
_ccm.
650 _aOperational Management
942 _hX:8:(B2893), K6
_cGB
_2CC
999 _c549591
_d549591